Score 0/23 Timer 14:00
0 Plays Today
% Correct
Virgin Trains
64.4%
CrossCountry
63.2%
First Great Western
63.2%
ScotRail
63.2%
Southern
59.8%
East Coast
58.6%
Northern Rail
58.6%
South West Trains
58.5%
Southeastern
55.2%
Thameslink
46%
London Midland
46%
East Midlands Trains
43.7%
% Correct
Arriva Trains Wales
42.5%
c2c
41.4%
First TransPennine Express
41.4%
Chiltern Railways
40.2%
First Hull Trains
40.2%
Grand Central
39.1%
Merseyrail
35.6%
Greater Anglia
34.5%
Eurostar
32.2%
London Overground
32.2%
Heathrow Express
28.7%
Remove Ads.
Support Sporcle.
Get the best of Sporcle when you Go Orange. This ad-free experience offers more features, more stats, and more fun while also helping to support Sporcle. Thank you for becoming a member.

You're not logged in!

Compare scores with friends on all Sporcle quizzes.
OR
Log In

Show Comments

Extras

Top Quizzes Today


Score Distribution

Your Account Isn't Verified!

In order to create a playlist on Sporcle, you need to verify the email address you used during registration. Go to your Sporcle Settings to finish the process.

Report this User

Report this user for behavior that violates our Community Guidelines.

Details: